Statistics for Count 1 to 100 in 1 minute

Click here to take the quiz!

General Stats

  • This quiz has been taken 26 times
  • The average score is 73 of 100

Answer Stats

Answer% Correct
1
100%
2
100%
3
100%
4
100%
5
100%
6
100%
10
95%
7
95%
11
90%
12
90%
21
90%
23
90%
24
90%
26
90%
28
90%
30
90%
31
90%
32
90%
8
90%
9
90%
13
85%
14
85%
15
85%
16
85%
17
85%
18
85%
19
85%
20
85%
22
85%
25
85%
27
85%
29
85%
33
85%
34
85%
35
85%
36
85%
37
85%
38
80%
39
80%
44
80%
45
80%
46
80%
47
80%
48
80%
66
80%
43
75%
49
75%
50
75%
55
75%
61
75%
62
75%
64
75%
67
75%
40
70%
41
70%
42
70%
51
70%
52
70%
53
70%
54
70%
56
70%
57
70%
58
70%
59
70%
60
70%
63
70%
65
70%
68
70%
69
70%
71
70%
72
70%
73
70%
74
70%
75
70%
77
70%
70
65%
80
65%
85
65%
76
60%
81
60%
82
60%
83
60%
84
60%
86
60%
87
60%
78
55%
79
55%
88
55%
99
50%
90
45%
89
40%
92
35%
93
35%
94
35%
96
35%
97
35%
98
35%
100
30%
91
30%
95
30%

Score Distribution

Percentile by Number Answered

Percent of People with Each Score

Your Score History

You have not taken this quiz